Mariano Marcos State University

University Library System

The Nutrition program of the applied nutrition program pilot schools in the Division of Ilocos Norte: its effect on the knowledge, food preferences and food and eating habits of pupils (Record no. 9700)

MARC details
000 -LEADER
fixed length control field 00602nam a22001457a 4500
005 - DATE AND TIME OF LATEST TRANSACTION
control field 20171010095508.0
008 - FIXED-LENGTH DATA ELEMENTS--GENERAL INFORMATION
fixed length control field 110706t xxu||||| |||| 00| 0 eng d
100 ## - MAIN ENTRY--PERSONAL NAME
Personal name Antonio, Clarita I.
9 (RLIN) 1886
245 ## - TITLE STATEMENT
Title The Nutrition program of the applied nutrition program pilot schools in the Division of Ilocos Norte: its effect on the knowledge, food preferences and food and eating habits of pupils
260 ## - PUBLICATION, DISTRIBUTION, ETC.
Date of publication, distribution, etc. 1986
300 ## - PHYSICAL DESCRIPTION
Extent xii, 130 leaves
Dimensions 28 cm.
500 ## - GENERAL NOTE
General note Thesis (M.A.Ed.- Adm & Supervision) -- Mariano Marcos State University, Laoag City
500 ## - GENERAL NOTE
General note Bibliography: 89-91
942 ## - ADDED ENTRY ELEMENTS (KOHA)
Source of classification or shelving scheme
Koha item type Thesis/Dissertation
Holdings
Withdrawn status Lost status Source of classification or shelving scheme Damaged status Not for loan Home library Current library Date acquired Total Checkouts Barcode Date last seen Price effective from Koha item type Public note
          REF REF 08/10/2012   10-Gr 10/10/2017 10/10/2017 Thesis/Dissertation Library Use only

© 2023 Mariano Marcos State University. All Rights Reserved.

Powered by Koha